[Event "SVK-chT3B2 2122"]
[Site "Slovakia"]
[Date "2022.05.22"]
[Round "11.6"]
[White "Duda, Daniel"]
[Black "Sehnoutek, Miroslav"]
[Result "1/2-1/2"]
[WhiteElo "1464"]
[BlackElo "1360"]
[PlyCount "164"]
[EventDate "2021.10.24"]
[EventType "team-tourn"]
[EventRounds "11"]
[EventCountry "SVK"]
[SourceTitle "EXT 2024"]
[Source "ChessBase"]
[SourceDate "2023.10.10"]
[SourceVersion "1"]
[SourceVersionDate "2023.10.10"]
[SourceQuality "1"]
[WhiteTeam "Dubnica nad Vahom IV"]
[BlackTeam "Belusa II"]
[WhiteTeamCountry "SVK"]
[BlackTeamCountry "SVK"]

1. d4 d5 2. Nf3 Nd7 3. Bf4 e6 4. e3 Ngf6 5. h3 Be7 6. Nbd2 0-0 7. c3 c5 8. Qc2 Nh5 9. Bh2 g6 10. b3 b6 11. e4 Bb7 12. e5 a6 13. Be2 b5 14. 0-0 c4 15. bxc4 bxc4 16. Rab1 Rb8 17. Ne1 Ng7 18. f4 Nf5 19. Rf3 Nh4 20. Rf1 Nf5 21. Rf3 Nh4 22. Rf2 Nf5 23. Nf1 Qa5 24. g4 Bh4 25. Rg2 Ng7 26. f5 Bc6 27. Nf3 Rxb1 28. Qxb1 Bd8 29. f6 Ne8 30. h4 Qxc3 31. h5 Bb6 32. Qd1 Bc7 33. Bf4 Ndxf6 34. Bd2 Qb2 35. exf6 Nxf6 36. Bh6 Rb8 37. Bxc4 Qb1 38. Qxb1 Rxb1 39. Bxa6 Bb5 40. Bxb5 Rxb5 41. Rc2 Rb7 42. Ne5 Ne8 43. hxg6 hxg6 44. Nd2 Kh7 45. Be3 Kg7 46. Nb3 Nf6 47. Kg2 Bxe5 48. dxe5 Nxg4 49. Bd4 Rb4 50. Kf3 Nh6 51. Bc5 Ra4 52. Bd6 Nf5 53. Bc5 g5 54. a3 Kg6 55. Bb4 Ra8 56. Rh2 Nh4+ 57. Kg4 Rc8 58. Nc5 f5+ 59. exf6 Kxf6 60. Re2 Rc6 61. Nd7+ Kg7 62. Bf8+ Kg8 63. Kxg5 Nf3+ 64. Kf4 Nh4 65. Bb4 Rc4+ 66. Ke5 Ng6+ 67. Kf6 Nf4 68. Rh2 d4 69. Bd6 d3 70. Bxf4 Rxf4+ 71. Kxe6 Re4+ 72. Kf5 Re2 73. Nf6+ Kg7 74. Rh7+ Kf8 75. Rd7 Rf2+ 76. Ke5 Rf3 77. Ne4 d2 78. Nxd2 Rxa3 79. Ne4 Ra5+ 80. Kf6 Ke8 81. Rd4 Ra6+ 82. Ke5 Ra5+ 1/2-1/2

[Event "SVK-chT3B2 2122"]
[Site "Slovakia"]
[Date "2022.05.08"]
[Round "10.6"]
[White "Sehnoutek, Miroslav"]
[Black "Adamik, Frantisek1111"]
[Result "1/2-1/2"]
[WhiteElo "1360"]
[BlackElo "1385"]
[PlyCount "85"]
[EventDate "2021.10.24"]
[EventType "team-tourn"]
[EventRounds "11"]
[EventCountry "SVK"]
[SourceTitle "EXT 2024"]
[Source "ChessBase"]
[SourceDate "2023.10.10"]
[SourceVersion "1"]
[SourceVersionDate "2023.10.10"]
[SourceQuality "1"]
[WhiteTeam "Belusa II"]
[BlackTeam "Lehota pod Vtacnikom"]
[WhiteTeamCountry "SVK"]
[BlackTeamCountry "SVK"]

1. d4 d5 2. c4 Nf6 3. Nc3 c6 4. Nf3 e6 5. Bg5 Be7 6. e3 h6 7. Bxf6 Bxf6 8. Bd3 Nd7 9. 0-0 0-0 10. Qe2 e5 11. dxe5 Nxe5 12. Nxe5 Bxe5 13. Rac1 d4 14. exd4 Bxd4 15. Qe4 f5 16. Qf3 Bxc3 17. Rxc3 Qf6 18. Re1 Bd7 19. Rb3 Rab8 20. h3 a6 21. Re2 b5 22. cxb5 cxb5 23. Qf4 Rbc8 24. Rc2 Bc6 25. Rbc3 Bd7 26. Rxc8 Rxc8 27. Rxc8+ Bxc8 28. Qc7 Qf8 29. a3 Qe8 30. Kh2 Qd7 31. Qxd7 Bxd7 32. b4 f4 33. g3 fxg3+ 34. fxg3 Kf7 35. Be4 Bc8 36. Kg2 Kf6 37. g4 Ke5 38. Bc2 Kf4 39. a4 bxa4 40. Bxa4 Bb7+ 41. Kh2 g5 42. b5 axb5 43. Bxb5 1/2-1/2

[Event "SVK-chT3B2 1819"]
[Site "Slovakia"]
[Date "2019.01.13"]
[Round "5.8"]
[White "Sehnoutek, Miroslav"]
[Black "Rajnicek, Adam"]
[Result "1-0"]
[WhiteElo "1000"]
[BlackElo "1000"]
[PlyCount "80"]
[EventDate "2018.10.21"]
[EventType "team-tourn"]
[EventRounds "11"]
[EventCountry "SVK"]
[SourceTitle "CBM 189 Extra"]
[Source "ChessBase"]
[SourceDate "2019.06.03"]
[SourceVersion "1"]
[SourceVersionDate "2019.06.03"]
[SourceQuality "1"]
[WhiteTeam "Belusa"]
[BlackTeam "Dubnica nad Vahom  III"]
[WhiteTeamCountry "SVK"]
[BlackTeamCountry "SVK"]

1. e4 e5 2. Nf3 Nc6 3. Bb5 Bc5 4. Nc3 Nf6 5. d3 d6 6. Bxc6+ bxc6 7. h3 0-0 8. 0-0 Re8 9. Bg5 h6 10. Bxf6 Qxf6 11. Nh2 Qg6 12. Qf3 Be6 13. a3 Rad8 14. Ng4 Bxg4 15. Qxg4 Qxg4 16. hxg4 d5 17. Na4 Bd4 18. c3 Bb6 19. b4 a5 20. Nb2 axb4 21. axb4 c5 22. b5 Rc8 23. c4 dxe4 24. dxe4 Ra8 25. Rxa8 Rxa8 26. Rc1 Rc8 27. Na4 Ba5 28. Nxc5 c6 29. Ra1 cxb5 30. Rxa5 bxc4 31. Na4 c3 32. Rc5 Rxc5 33. Nxc5 c2 34. Nb3 f6 35. Kf1 Kf7 36. Ke1 Ke6 37. Kd2 g6 38. Kxc2 f5 39. f3 Kf6 40. Kd2 fxg4 1-0

[Event "SVK-chT3B2 1718"]
[Site "Slovakia"]
[Date "2017.10.22"]
[Round "2.8"]
[White "Cesnek, Peter"]
[Black "Sehnoutek, Miroslav"]
[Result "1-0"]
[WhiteElo "1674"]
[BlackElo "1000"]
[PlyCount "113"]
[EventDate "2017.10.08"]
[EventType "team-tourn"]
[EventRounds "11"]
[EventCountry "SVK"]
[SourceTitle "EXT 2019"]
[Source "ChessBase"]
[SourceDate "2018.10.10"]
[SourceVersion "1"]
[SourceVersionDate "2018.10.10"]
[SourceQuality "1"]
[WhiteTeam "Povazska Bystrica Sparta II"]
[BlackTeam "Belusa"]
[WhiteTeamCountry "SVK"]
[BlackTeamCountry "SVK"]

1. e4 e5 2. Nf3 Nc6 3. Bc4 h6 4. Nc3 Nf6 5. d3 Bc5 6. h3 a6 7. 0-0 0-0 8. Be3 Bxe3 9. fxe3 b5 10. Bb3 Bb7 11. Nd5 d6 12. a3 Na5 13. Nxf6+ Qxf6 14. Ba2 Rad8 15. Qe1 Nc6 16. Nh4 Qg5 17. Rf5 Qe7 18. Ng6 Qd7 19. Nxf8 Rxf8 20. Qf2 Nd8 21. Rf1 c6 22. Qg3 Bc8 23. R1f3 Qe7 24. Rh5 Kh7 25. Qh4 f6 26. g4 Be6 27. Bxe6 Nxe6 28. Rhf5 g5 29. Qf2 Kg6 30. Rg3 Ng7 31. Rff3 Rh8 32. h4 Qe6 33. h5+ Kf7 34. c3 Rf8 35. d4 Ke7 36. Qd2 d5 37. Qd3 Rd8 38. b4 Ra8 39. exd5 e4 40. dxe6 exd3 41. e4 Kxe6 42. Rxd3 Rd8 43. Rg2 Ne8 44. Re2 Rd7 45. e5 Rf7 46. exf6+ Kd7 47. Re7+ Rxe7 48. fxe7 Kxe7 49. d5 Kd6 50. dxc6+ Kxc6 51. Rf3 Kd5 52. Rf8 Nd6 53. Rf6 Ne4 54. Rxh6 Nxc3 55. Rxa6 Ne2+ 56. Kf2 Nf4 57. h6 1-0